Law on transfer of property / (Record no. 1581)
[ view plain ]
| 000 -LEADER | |
|---|---|
| fixed length control field | 00583nam a22002057a 4500 |
| 001 - CONTROL NUMBER | |
| control field | 13114 |
| 003 - CONTROL NUMBER IDENTIFIER | |
| control field | BD-DhUAP |
| 005 - DATE AND TIME OF LATEST TRANSACTION | |
| control field | 20200210130113.0 |
| 008 - FIXED-LENGTH DATA ELEMENTS--GENERAL INFORMATION | |
| fixed length control field | 200210s2009 bg ||||| |||| 00| 0 eng d |
| 020 ## - INTERNATIONAL STANDARD BOOK NUMBER | |
| International Standard Book Number | 9843000031848 |
| 040 ## - CATALOGING SOURCE | |
| Original cataloging agency | BD-DhUAP |
| Language of cataloging | Eng |
| Transcribing agency | BD-DhUAP |
| Modifying agency | BD-DhUAP |
| 082 ## - DEWEY DECIMAL CLASSIFICATION NUMBER | |
| Edition number | 23 |
| Classification number | 346.54920436 AHA |
| 100 ## - MAIN ENTRY--PERSONAL NAME | |
| Personal name | Ahamuduzzaman. |
| 245 ## - TITLE STATEMENT | |
| Title | Law on transfer of property / |
| Statement of responsibility, etc. | Ahamuduzzaman. |
| 260 ## - PUBLICATION, DISTRIBUTION, ETC. | |
| Place of publication, distribution, etc. | Dhaka : |
| Name of publisher, distributor, etc. | Books 4 U, |
| Date of publication, distribution, etc. | 2009. |
| 300 ## - PHYSICAL DESCRIPTION | |
| Extent | xxvi, 319 pages ; |
| Dimensions | 22 cm. |
| 650 ## - SUBJECT ADDED ENTRY--TOPICAL TERM | |
| Topical term or geographic name entry element | Transfer (Law) |
| Geographic subdivision | Bangladesh. |
| 650 ## - SUBJECT ADDED ENTRY--TOPICAL TERM | |
| Topical term or geographic name entry element | Property |
| Geographic subdivision | Bangladesh. |
| 942 ## - ADDED ENTRY ELEMENTS (KOHA) | |
| Source of classification or shelving scheme | |
| Koha item type | Book |
| Withdrawn status | Lost status | Source of classification or shelving scheme | Damaged status | Not for loan | Permanent Location | Current Location | Shelving location | Date acquired | Total Checkouts | Total Renewals | Full call number | Barcode | Date last seen | Date last checked out | Copy number | Price effective from | Koha item type |
|---|---|---|---|---|---|---|---|---|---|---|---|---|---|---|---|---|---|
| UAP Central Library | UAP Central Library | General Stacks | 2020-02-10 | 3 | 3 | 346.54920436 AHA | 3010013114 | 2026-05-04 | 2026-01-29 | 1 | 2020-02-10 | Book | |||||
| UAP Central Library | UAP Central Library | General Stacks | 2020-02-10 | 346.54920436 AHA | 3010013118 | 2020-02-10 | 2 | 2020-02-10 | Book | ||||||||
| UAP Central Library | UAP Central Library | General Stacks | 2020-02-10 | 346.54920436 AHA | 3010013116 | 2020-02-10 | 3 | 2020-02-10 | Book | ||||||||
| UAP Central Library | UAP Central Library | General Stacks | 2020-02-10 | 1 | 346.54920436 AHA | 3010013121 | 2026-02-05 | 2026-01-26 | 4 | 2020-02-10 | Book | ||||||
| UAP Central Library | UAP Central Library | General Stacks | 2020-02-10 | 1 | 1 | 346.54920436 AHA | 3010013115 | 2024-07-03 | 2024-01-14 | 5 | 2020-02-10 | Book | |||||
| UAP Central Library | UAP Central Library | General Stacks | 2020-02-10 | 2 | 2 | 346.54920436 AHA | 3010013122 | 2026-04-15 | 2026-01-18 | 6 | 2020-02-10 | Book | |||||
| UAP Central Library | UAP Central Library | General Stacks | 2020-02-10 | 346.54920436 AHA | 3010013123 | 2020-02-10 | 7 | 2020-02-10 | Book | ||||||||
| UAP Central Library | UAP Central Library | General Stacks | 2020-02-10 | 346.54920436 AHA | 3010013117 | 2020-02-10 | 8 | 2020-02-10 | Book | ||||||||
| UAP Central Library | UAP Central Library | General Stacks | 2020-02-10 | 3 | 3 | 346.54920436 AHA | 3010013119 | 2026-05-04 | 2026-04-20 | 9 | 2020-02-10 | Book | |||||
| UAP Central Library | UAP Central Library | General Stacks | 2020-02-10 | 346.54920436 AHA | 3010013120 | 2020-02-10 | 10 | 2020-02-10 | Book |
Bengali Keyboard